| 000 | 01503cam a22004694i 4500 | ||
|---|---|---|---|
| 003 | PE-LiUPU | ||
| 005 | 20250731184523.0 | ||
| 008 | 150617s r 000 0 d | ||
| 035 | _a(Sirsi) a18784 | ||
| 040 |
_aPE-LiUPU _bspa _cPE-LiUPU _erda |
||
| 049 | _aPRUA | ||
| 082 | 0 | 4 |
_a985.093 _bC813v _223 |
| 100 | 1 |
_aCornejo, Raúl Estuardo, _d1936- , _eautor. |
|
| 245 | 1 | 0 |
_aVelasco o el proceso de una revolución / _cRaúl Estuardo Cornejo. |
| 264 | 1 |
_aLima : _bCEPEID, _c1969. |
|
| 300 |
_a212 páginas : _bilustrado, fotos ; _c24 centímetros. |
||
| 336 |
_atext _2rdacontent |
||
| 337 |
_aunmediated _2rdamedia |
||
| 338 |
_avolume _2rdacarrier |
||
| 490 | 0 | _a(Estudios políticos) | |
| 500 | _aSemblanza del autor, firmada: Arturo D. Hernández, cf. cubierta posterior. | ||
| 505 | 0 | _aPerú: rostro de un país -- El proceso de una revolución -- Obra de la revolución -- El conductor de la revolución -- Documentos para la historia del Perú. | |
| 526 | _aP136 | ||
| 526 | _aP135 | ||
| 526 | _aP134 | ||
| 526 | _aP133 | ||
| 526 | _aP144 | ||
| 526 | _aP143 | ||
| 526 | _aP87 | ||
| 526 | _aP35 | ||
| 526 | _aP20 | ||
| 526 | _aP14 | ||
| 526 | _aP10 | ||
| 526 | _aP06 | ||
| 600 | 1 |
_aVelasco Alvarado, Juan. _d1909-1977 |
|
| 651 |
_aPerú _xHistoria _yGobierno Revolucionario, 1968-1980. |
||
| 700 | 1 |
_aHernández, Arturo Demetrio, _d1903-. |
|
| 910 | _ajck | ||
| 942 |
_2ddc _cBK |
||
| 999 |
_c18514 _d18514 |
||
| 980 |
_81 _gALBERTO SANCHEZ Responsable de Automatización |
||